000 01157nam a22003377a 4500
003 CHAP
005 20220329133324.0
008 971013s1985 r 00010 d
010 _a4872
011 _a5844
035 _a5060
040 _cCHAP
090 _aFolleto 13598
110 _aComisión para el Desarrollo de las Zonas Petroleras del Estado de Tabasco
_925826
245 1 _aDiagnóstico sobre la influencia de la actividad petrolera en el desarrollo de Tabasco
260 _aVillahermosa, Tab. :
_bLa Comisión,
_c1985
300 _a51 p.
500 _a55-3
590 _aBATCH-UPD
_b10
_c20130110
_lUCH01
_h0214
590 _aBATCH-UPD
_b10
_c20130110
_lUCH01
_h1249
590 _aBATCH-UPD
_b10
_c20130409
_lUCH01
_h2231
590 _aBATCH-UPD
_b10
_c20130914
_lUCH01
_h1911
590 _aCONVERSION
_b10
_c20130109
_lUCH01
_h1304
650 1 4 _aPetróleo
_xTabasco.
_987676
650 1 4 _aPolítica petrolera.
_990685
901 _aBK
942 _cFOLL
949 _aFolleto 13598
_bBC
_cFOLL
_d-14627
_eTS1
_i5060
_si
949 _aFolleto 13598
_bBC
_cFOLL
_d-77202
_eTS2
_fc.2
_i5060
_si
949 _aFolleto 13598
_bBC
_cFOLL
_d-77203
_eTS2
_fc.3
_i5060
_si
999 _c4872
_d4872